000 00861nam a2200253Ia 4500
003 OSt
005 20220923220457.0
006 a|||||r|||| 00| 0
007 ta
008 220922b |||||||| |||| 00| 0 hin d
024 _a186,863
037 _cTextual
040 _aARTS
_cARTS
_bhin
041 _2hin
_ahin
082 _aX:75.2'N6, 152J6 RR
245 0 _aदूसरी पंचवर्षीय योजना
_b प्रारम्भिक रूपरेखा
246 _aDūsarī panchavarṣhīya yojanā: prārambhik rūparekhā
260 _aदिल्ली
_b भारत
_c1956
300 _a199पृ.
_ccm.
650 _a भारतीय अर्थव्यवस्था
650 _aअर्थशास्त्र
942 _hX:75.2'N6, 152J6 RR
_cTEXL
_2CC
999 _c340106
_d340106